00693nam a2200205Ia 4500008004100000040001800041041000800059100002000067245009600087260003500183300001800218500005500236500004200291650001500333650002700348650002600375650002500401700002700426765003400453130821s1966 sp gr spa  aCo-BoUCMbspa aspa1 aRobbins, Lionel10aTeoría de política económicacLionel Robbins ; traducción por Luis Guereca Tosantos aMadrid (España)bRialpc1966 a195 páginas aEl ejemplar 3 es Donación Dr. Álvaro Daza Roa. aIncluye referencias bibliográficas.04aEconomía04aPolítica económica04aSistemas económicos04aTeoría económica1 aGuereca Tosantos, Luis1 tThe theory of economic policy